Charlie and the Chocolate Factory - Statistics

General Stats
  • This quiz has been taken 16,154 times
  • The average score is 12 of 16
Answer Stats
Question Answer % Correct
Who owns the chocolate factory? Willy Wonka
98%
What type of ticket does one need to get into the factory? Golden Ticket
97%
What dwarfish orange creatures work in the factory? Oompa Loompas
94%
Who did Charlie take with him into the factory? Grandpa Joe
93%
Who played the owner in the 2005 movie? Johnny Depp
90%
Who wrote "Charlie and the Chocolate Factory"? Roald Dahl
86%
What does Violet Beauregarde get turned into after eating a piece of experimental gum? Giant {Blueberry}
84%
What type of animal labeled Veruca as a "bad nut", sending her into the trash chute? a Squirrel
79%
Which deadly sin was Augustus Gloop guilty of? Gluttony
72%
What is Veruca's last name? Salt
72%
What type of Wonka candy lasts forever? Everlasting {Gobstopper}
68%
Consuming "Fizzy Lifting Drink" will make a person float upward. What does one need to do to come back down? Burp
66%
What is Charlie's last name? Bucket
62%
Who played the owner in the 1971 movie? Gene Wilder
62%
What happened to Mike Teavee in the Television Chocolate room? He was {shrunk}
61%
What is the sequel to "Charlie and the Chocolate Factory" Charlie and the Great {Glass} {Elevator}
58%
No matching quizzes found
Score Distribution
Percent of People with Each Score
Percentile by Number Answered
Your Score History
You have not taken this quiz